| 000 | 00792nam a2200253Ia 4500 | ||
|---|---|---|---|
| 003 | OSt | ||
| 005 | 20220918170544.0 | ||
| 006 | a|||||r|||| 00| 0 | ||
| 007 | ta | ||
| 008 | 220917b |||||||| |||| 00| 0 eng d | ||
| 020 |
_a9780374530495 (pbk) _c883.51 |
||
| 024 | _a270,208 | ||
| 037 |
_b37721, 17/05/2013, Segment Book Distributors _cTextual |
||
| 040 |
_aARTS _cARTS _beng |
||
| 041 |
_2eng _aeng |
||
| 082 | _aO42,3M99,4, 111M9 | ||
| 100 |
_aKawabata Yasunari _929810 |
||
| 245 | 0 | _aPalm of the hand stories | |
| 260 |
_aNew York _bFarrar USA _c1988 |
||
| 300 |
_axv,239p. _ccm. |
||
| 650 |
_aJAPANESE LITERATURE _929811 |
||
| 942 |
_hO42,3M99,4, 111M9 _cTEXL _2CC |
||
| 999 |
_c134685 _d134685 |
||